Europeanism /

Bibliographic Details
Main Author: McCormick, John, 1954-
Format: Book
Language:English
Published: Oxford ; New York : Oxford University Press, 2010.
Subjects:

MARC

Tag First Indicator Second Indicator Subfields
LEADER 00000cam a2200000 a 4500
001 in00002592575
005 20151201153359.0
008 100204s2010 enkab b 001 0 eng
015 |a GBB027484  |2 bnb 
016 7 |a 015489047  |2 Uk 
020 |a 9780199556212 (hbk.) 
020 |a 0199556210 (hbk.) 
029 1 |a AU@  |b 000045674562 
029 1 |a NLGGC  |b 325403791 
035 |a (OCoLC)ocn520712774 
035 |a (OCoLC)520712774 
040 |a UKM  |c UKM  |d YDXCP  |d BWKUK  |d BWK  |d BWX  |d UtOrBLW 
049 |a TXAM 
050 4 |a D2009  |b .M33 2010 
082 0 4 |a 320.94  |2 22 
100 1 |a McCormick, John,  |d 1954- 
245 1 0 |a Europeanism /  |c John McCormick. 
264 1 |a Oxford ;  |a New York :  |b Oxford University Press,  |c 2010. 
300 |a xiii, 251 pages :  |b illustrations, maps ;  |c 25 cm. 
336 |a text  |b txt  |2 rdacontent 
337 |a unmediated  |b n  |2 rdamedia 
338 |a volume  |b nc  |2 rdacarrier 
504 |a Includes bibliographical references and index. 
650 0 |a Nationalism  |z Europe. 
651 0 |a Europe  |x Politics and government  |y 1989- 
651 0 |a Europe  |x Economic conditions  |y 1945- 
651 0 |a Europe  |x Social conditions  |y 21st century. 
938 |a YBP Library Services  |b YANK  |n 3235827 
938 |a Blackwell Book Service UK  |b BBUK  |n L5847815  |c 25.00 
938 |a Blackwell Book Service  |b BBUS  |n R1856999  |c $49.95 
945 |a PromptCat  |b 42100 
946 |a stk 
947 |a A14840213527 
994 |a 92  |b TXA 
948 |a Cataloged  |b h  |c 2010/8/6  |d c  |e ibarton 
999 |a MARS 
999 f f |s 112d5b57-9e56-39b9-a0bb-42c8a053584b  |i c3c1042d-d299-3516-a9bd-33293b0ec600  |t 0 
952 f f |p normal  |a Texas A&M University  |b College Station  |c Sterling C. Evans Library  |d Evans: Library Stacks  |t 0  |e D2009 .M33 2010  |h Library of Congress classification  |i unmediated -- volume  |m A14840213527 
998 f f |a D2009 .M33 2010  |t 0  |l Evans: Library Stacks